000 00747nam a22001817a 4500
999 _c371712
_d371712
008 201127b ||||| |||| 00| 0 eng d
040 _aDE-2950
_bger
_cDE-2950
_erda
041 _ager
245 _aHelene Beach Festival kann nicht stattfinden.
_bHelenesee: Das große Musikevent sollte trotz Sperrung der Strände in diesem Jahr wieder stattfinden. Doch jetzt kommt es anders/
_cJacqueline Westermann, Thomas Gutke
264 _c2022
653 _aFrankfurt (O)
653 _aHelene Beach Festival
773 _dFrankfurt (Oder) Märkisches Verlags- und Druckhaus GmbH & Co KG
_tMärkische Oderzeitung
_g33. Jahrgang (2022) Nr. 149 vom 29.06.2022, S. 13
942 _cA